| 000 | 00563nam a22001937a 4500 | ||
|---|---|---|---|
| 999 |
_c19021 _d19021 |
||
| 003 | AR-CdUCM | ||
| 008 | 190516b ||||| |||| 00| 0 spa d | ||
| 040 |
_aMUNICIPALIDAD PROVINCIAL DEL CUSCO _cBIBLIOTECA MUNICIPAL DEL CUSCO |
||
| 082 |
_a800.951 / _bD68 |
||
| 100 |
_aDiaz Carela, Cecilio _940065 |
||
| 245 | _aAnacaona flor de oro / | ||
| 260 |
_bArtext publicidad, _c1992. |
||
| 300 |
_a82 páginas ; _c22 cm. |
||
| 505 | _aContenido : Poesía | ||
| 650 |
_aLiteratura _983 |
||
| 650 |
_aPoesía _9139 |
||
| 942 |
_2ddc _cLIBROS |
||
| 945 |
_arah _d2019/05/16 |
||